Programming for Corpus linguistics: how to do text analysis with Java

Guardat en:
Dades bibliogràfiques
Autor principal: Mason, Oliver (autor)
Format: Llibre
Idioma:anglès
Publicat: Edimburgo Edinburgh University 2000
Col·lecció:Edinburgh Textbooks in Empirical Linguistics
Matèries:
Etiquetes: Afegir etiqueta
Sense etiquetes, Sigues el primer a etiquetar aquest registre!

MARC

LEADER 00000nam a2200000 a 4500
001 UCM7460
003 CL-VaPUC
008 021220e20000000uk |||||||||||||||||eng|d
082 0 4 |a 410.285  |b MAS  |2 21 
100 |a Mason, Oliver  |e autor  |9 473050 
245 1 0 |a Programming for Corpus linguistics: how to do text analysis with Java 
300 |a 245 p 
942 |c BK 
945 |d 20021220 00:00:00  |a cmena 
260 |a Edimburgo  |b Edinburgh University  |c 2000 
650 7 |a LINGUISTICA COMPUTACIONAL  |2 CL-VaPUC  |9 473051 
650 0 |a Investigación lingüística  |9 329785 
650 0 |a Proceso de datos   |9 259776 
650 0 |a Análisis del discurso  |9 256696 
650 0 |a Lingüística aplicada   |9 313266 
650 7 |a MODELOS COMPUTACIONALES  |2 CL-VaPUC  |9 466288 
650 0 |a Java  |9 370043 
583 |a last modification  |c 20150504 05:29:51  |k Rodrigo Vera 
490 0 |a Edinburgh Textbooks in Empirical Linguistics 
999 |c 302251  |d 302249 
952 |0 0  |1 0  |4 0  |6 410_285000000000000_MAS_2000  |7 0  |8 A  |9 362393  |a FDOPOS  |b FDOPOS  |d 2019-11-21  |i 3869814  |o 410.285 MAS 2000  |p 3869814  |r 2025-01-22  |w 2019-11-21  |y BK  |k MLA 
952 |0 0  |1 0  |4 0  |6 410_285000000000000_MAS_2000  |7 0  |8 A  |9 362394  |a FDOPOS  |b FDOPOS  |d 2019-11-21  |i 3880079  |o 410.285 MAS 2000  |p 3880079  |r 2025-01-22  |w 2019-11-21  |y BK  |k MLA